Oslobodenie od dane pri trojstrannom obchode v roku 2015
Charakteristika trojstranného obchodu. Povinnosť druhého odberateľa platiť daň pri trojstrannom obchode.
Gespeichert in:
| 1. Verfasser: | |
|---|---|
| Format: | Buchkapitel |
| Sprache: | Slowakisch |
| Schlagworte: | |
| Tags: |
Keine Tags, Fügen Sie das erste Tag hinzu!
|
MARC
| LEADER | 00000nla a2200000 4500 | ||
|---|---|---|---|
| 001 | 0199214 | ||
| 005 | 20240502073352.0 | ||
| 041 | 0 | |a slo | |
| 044 | |a SK | ||
| 245 | 1 | 0 | |a Oslobodenie od dane pri trojstrannom obchode v roku 2015 |c Juraj Válek |
| 520 | |a Charakteristika trojstranného obchodu. Povinnosť druhého odberateľa platiť daň pri trojstrannom obchode. | ||
| 610 | 2 | 0 | |a dane |
| 610 | 2 | 0 | |a oslobodenie od daní |
| 610 | 2 | 0 | |a obchod |
| 610 | 2 | 0 | |a dodávatelia |
| 610 | 2 | 0 | |a odberatelia |
| 610 | 2 | 0 | |a zdaňovanie |
| 100 | 1 | |a Válek, Juraj, 1981- | |